Obligation and contracts : (Record no. 66)
[ view plain ]
| 000 -LEADER | |
|---|---|
| fixed length control field | 00704nam a22002057a 4500 |
| 003 - CONTROL NUMBER IDENTIFIER | |
| control field | OSt |
| 005 - DATE AND TIME OF LATEST TRANSACTION | |
| control field | 20250808054318.0 |
| 008 - FIXED-LENGTH DATA ELEMENTS--GENERAL INFORMATION | |
| fixed length control field | 240529b |||||||| |||| 00| 0 eng d |
| 020 ## - INTERNATIONAL STANDARD BOOK NUMBER | |
| International Standard Book Number | 9786218205086 |
| 040 ## - CATALOGING SOURCE | |
| Original cataloging agency | DWC-Main lib |
| Transcribing agency | OC |
| 082 ## - DEWEY DECIMAL CLASSIFICATION NUMBER | |
| Classification number | Fil. 346.07 D671o 2023 |
| 100 ## - MAIN ENTRY--PERSONAL NAME | |
| Personal name | Domingi, Andrix D. |
| 245 ## - TITLE STATEMENT | |
| Title | Obligation and contracts : |
| Remainder of title | laws, principles and jurisprudence/ |
| Statement of responsibility, etc. | Andrix D. Domingi |
| 250 ## - EDITION STATEMENT | |
| Edition statement | 2023 edition |
| 260 ## - PUBLICATION, DISTRIBUTION, ETC. | |
| Place of publication, distribution, etc. | Benguet, Philippines : |
| Name of publisher, distributor, etc. | Coaching for Results Publishing, |
| Date of publication, distribution, etc. | c2023. |
| 300 ## - PHYSICAL DESCRIPTION | |
| Extent | 770 pages : |
| Other physical details | illustrations ; |
| Dimensions | 23cm. |
| 650 ## - SUBJECT ADDED ENTRY--TOPICAL TERM | |
| Topical term or geographic name entry element | 1. Contracts --- Philippines. |
| 650 ## - SUBJECT ADDED ENTRY--TOPICAL TERM | |
| Topical term or geographic name entry element | 2. Obligations (Law) --- Philippines. |
| 942 ## - ADDED ENTRY ELEMENTS (KOHA) | |
| Source of classification or shelving scheme | Dewey Decimal Classification |
| Koha item type | Book-Filipiniana |
| Call number prefix | Fil. |
| Suppress in OPAC | No |
| Edition | 2023 edition |
| 952 ## - LOCATION AND ITEM INFORMATION (KOHA) | |
| -- | |
| 952 ## - LOCATION AND ITEM INFORMATION (KOHA) | |
| -- | |
| Withdrawn status | Lost status | Source of classification or shelving scheme | Damaged status | Not for loan | Home library | Current library | Shelving location | Date acquired | Source of acquisition | Cost, normal purchase price | Total Checkouts | Full call number | Barcode | Date last seen | Copy number | Price effective from | Koha item type | Uniform Resource Identifier |
|---|---|---|---|---|---|---|---|---|---|---|---|---|---|---|---|---|---|---|
| Dewey Decimal Classification | College Library | College Library | Filipiniana | 02/29/2024 | School Fund | 659.00 | Fil. 346.07 D671o 2023 | 54057 | 05/29/2024 | c1 | 05/29/2024 | BK - FIL | ||||||
| Dewey Decimal Classification | College Library | College Library | Filipiniana | 02/29/2024 | School Fund | 659.00 | Fil. 346.07 D671o 2023 | 54058 | 05/29/2024 | c2 | 05/29/2024 | BK - FIL |